Путешествие в эпицентр: избранные фантастические произведения; пер. с англ.

Dades bibliogràfiques
Autor principal: Шоу Б. Боб
Altres autors: Бакланов В. (составитель), Геворкян Э. (автор предисловия), Шехов С. Б. (иллюстратор)
Sumari:Исключено из фонда НТБ ТПУ
Idioma:rus
Publicat: Москва, Культура, 1992
Col·lecció:Английская фантастика
Format: Llibre
KOHA link:https://koha.lib.tpu.ru/cgi-bin/koha/opac-detail.pl?biblionumber=165741

MARC

LEADER 00000nam0a2200000 4500
001 165741
005 20231031161921.0
010 |a 5715801532 
020 |a RU  |b 92-10396 
035 |a (RuTPU)RU\TPU\book\179788 
090 |a 165741 
100 |a 20090922d1992 m y0rusy5003 ca 
101 1 |a rus  |c eng 
102 |a RU 
105 |a y z 000ay 
200 1 |a Путешествие в эпицентр  |e избранные фантастические произведения  |e пер. с англ.  |f Б. Шоу  |g сост. В. Бакланов ; авт. предисл. Э. Геворкян ; худож. С. Б. Шехов 
210 |a Москва  |c Культура  |d 1992 
215 |a 271,[1] с.  |c ил. 
225 1 |a Английская фантастика 
333 |a Исключено из фонда НТБ ТПУ 
700 1 |a Шоу  |b Б.  |g Боб 
702 1 |a Бакланов  |b В.  |4 220 
702 1 |a Геворкян  |b Э.  |4 080 
702 1 |a Шехов  |b С. Б.  |4 440 
801 0 |a RU  |b RuMRKP  |c 19950417  |g psbo 
801 1 |a RU  |b 63413507  |c 20090922 
801 2 |a RU  |b 63413507  |c 20220602  |g RCR 
942 |c BK